000 00535nam a2200205 4500
003 OSt
005 20231201163017.0
008 231201b |||||||| |||| 00| 0 eng d
037 _adonación
040 _aCBC
082 _aBIB-TELLO/17.03.01/01826
245 _aEl Perú en marcha : ensayo de geografía económica
260 _aLima :
_bBanco Italiano,
_c1941
300 _axxxvi, 412 p
650 _aGEOGRAFÍA ECONÓMICA
650 _aASPECTOS GEOGRÁFICOS
650 _aECONOMÍA
651 _aPERÚ
942 _2ddc
_n0
_cLIB
999 _c3824
_d3824